000 00301nam a2200109Ia 4500
008 200302s9999 xx 000 0 und d
100 _aDavid Wang
245 _aA Philosophy of chinese architecture past, present, future
260 _bRoutledge Taylor and Francis Group
260 _c2017
300 _a212
999 _c6738
_d6738